Créditos a la Diputación de Barcelona
Publicado:
San Jorge, núm. 78 (2n trimestre 1970), pàg 121 :
MARC
| LEADER | 00000nam a2200000Ia 4500 | ||
|---|---|---|---|
| 001 | |||
| 008 | 160829s9999 xx 000 0 cat d | ||
| 245 | |a Créditos a la Diputación de Barcelona | ||
| 260 | |a San Jorge, núm. 78 (2n trimestre 1970), pàg 121 | ||
| 610 | 2 | 0 | |a Banco de Crédito Local de España |9 53585 |
| 610 | 1 | 0 | |a Barcelona (Catalunya : Província). |b Diputació |x Assignacions pressupostàries i despeses |9 53789 |
| 650 | |a Préstecs bancaris |x Barcelona |9 40526 | ||
| 901 | |a Arxiu | ||
| 942 | |n 1 | ||
| 952 | |0 0 |1 0 |4 0 |7 1 |9 49766 |a Arxiu |b Arxiu |d 2016-12-01 |l 0 |r 2016-12-01 00:00:00 |w 2016-12-01 |y ARXIU | ||
| 999 | |c 53608 |d 53608 | ||